[Event "d12"]
[Site "?"]
[Date "2020.08.28"]
[Round "3.4"]
[White "Sprzeczka, Emilia"]
[Black "Palejko, Gabriela"]
[Result "1-0"]
[BlackElo "1263"]
[WhiteElo "1381"]
[LiveChessVersion "1.4.8"]

1. f4 {[%clk 0:15:16]} d5 {[%clk 0:15:13]} 2. Nf3 {[%clk 0:15:22]} Nf6
{[%clk 0:15:16]} 3. e3 {[%clk 0:15:29]} g6 {[%clk 0:15:09]} 4. b3
{[%clk 0:15:03]} Bg7 {[%clk 0:15:16]} 5. Bb2 {[%clk 0:15:12]} O-O
{[%clk 0:15:21]} 6. Be2 {[%clk 0:14:53]} Nc6 {[%clk 0:14:58]} 7. O-O
{[%clk 0:14:54]} Bg4 {[%clk 0:14:51]} 8. h3 {[%clk 0:14:57]} Bf5 {[%clk 0:14:59]}
9. d3 {[%clk 0:14:38]} Qd7 {[%clk 0:13:53]} 10. Nh2 {[%clk 0:12:25]} Qc8
{[%clk 0:10:09]} 11. Nd2 {[%clk 0:10:04]} Re8 {[%clk 0:09:00]} 12. g4
{[%clk 0:07:50]} Bd7 {[%clk 0:08:50]} 13. Rb1 {[%clk 0:05:54]} b6
{[%clk 0:05:41]} 14. g5 {[%clk 0:03:38]} Bxh3 {[%clk 0:04:08]} 15. gxf6
{[%clk 0:02:33]} Bxf1 {[%clk 0:04:16]} 16. Qxf1 {[%clk 0:02:19]} exf6
{[%clk 0:04:12]} 17. Qf2 {[%clk 0:02:00]} Nb4 {[%clk 0:04:19]} 18. c3
{[%clk 0:01:33]} Nc6 {[%clk 0:03:57]} 19. c4 {[%clk 0:01:16]} dxc4
{[%clk 0:03:45]} 20. Nxc4 {[%clk 0:01:11]} Qe6 {[%clk 0:03:25]} 21. Ng4
{[%clk 0:00:35]} h5 {[%clk 0:02:40]} 22. Nh2 {[%clk 0:00:37]} Rad8
{[%clk 0:02:45]} 23. e4 {[%clk 0:00:33]} f5 {[%clk 0:02:18]} 24. Bxg7
{[%clk 0:00:22]} Kxg7 {[%clk 0:02:26]} 25. e5 {[%clk 0:00:30]} Nb4
{[%clk 0:02:17]} 26. d4 {[%clk 0:00:22]} Nxa2 {[%clk 0:02:00]} 27. Ra1
{[%clk 0:00:19]} Nc3 {[%clk 0:02:06]} 28. Rxa7 {[%clk 0:00:26]} Nxe2+
{[%clk 0:02:04]} 29. Qxe2 {[%clk 0:00:34]} Rxd4 {[%clk 0:01:46]} 30. Qe3
{[%clk 0:00:36]} Rd7 {[%clk 0:01:48]} 31. Nf3 {[%clk 0:00:36]} Red8
{[%clk 0:01:34]} 32. Ng5 {[%clk 0:00:26]} Qc6 {[%clk 0:01:21]} 33. Ra1
{[%clk 0:00:23]} Rd3 {[%clk 0:01:23]} 34. Qf2 {[%clk 0:00:19]} Rxb3
{[%clk 0:01:28]} 35. Nd2 {[%clk 0:00:15]} Rb2 {[%clk 0:01:31]} 36. Ngf3
{[%clk 0:00:20]} Qd5 {[%clk 0:00:58]} 37. Rd1 {[%clk 0:00:23]} Qb5
{[%clk 0:00:52]} 38. Qe3 {[%clk 0:00:18]} Qa4 {[%clk 0:00:56]} 39. Rc1
{[%clk 0:00:17]} c5 {[%clk 0:01:03]} 40. Re1 {[%clk 0:00:15]} Qb5
{[%clk 0:01:06]} 41. e6 {[%clk 0:00:16]} fxe6 {[%clk 0:01:00]} 42. Qxe6
{[%clk 0:00:22]} Qd7 {[%clk 0:00:51]} 43. Qe5+ {[%clk 0:00:27]} Kh6
{[%clk 0:00:52]} 44. Qxb2 {[%clk 0:00:35]} Qc6 {[%clk 0:00:56]} 45. Qc3
{[%clk 0:00:32]} c4 {[%clk 0:01:02]} 46. Qxc4 {[%clk 0:00:29]} Qxc4
{[%clk 0:01:08]} 47. Nxc4 {[%clk 0:00:37]} Rd4 {[%clk 0:01:17]} 48. Nxd4
{[%clk 0:00:45]} b5 {[%clk 0:01:24]} 49. Nxb5 {[%clk 0:00:53]} h4
{[%clk 0:01:32]} 50. Kg2 {[%clk 0:01:00]} Kh5 {[%clk 0:01:41]} 51. Kh3
{[%clk 0:01:03]} g5 {[%clk 0:01:50]} 52. fxg5 {[%clk 0:01:11]} Kxg5
{[%clk 0:01:59]} 53. Nc7 {[%clk 0:01:03]} f4 {[%clk 0:02:07]} 54. Ne5
{[%clk 0:01:03]} f3 {[%clk 0:02:08]} 55. Nxf3+ {[%clk 0:01:11]} Kh5
{[%clk 0:02:16]} 56. Re5+ {[%clk 0:01:18]} Kg6 {[%clk 0:02:24]} 57. Nxh4+
{[%clk 0:01:25]} Kf6 {[%clk 0:02:33]} 58. Rf5+ {[%clk 0:01:32]} Kg7
{[%clk 0:02:40]} 59. Kg4 {[%clk 0:01:39]} Kh6 {[%clk 0:02:48]} 60. Rg5
{[%clk 0:01:42]} Kh7 {[%clk 0:02:56]} 61. Kf5 {[%clk 0:01:49]} Kh6
{[%clk 0:03:04]} 62. Kf6 {[%clk 0:01:57]} Kh7 {[%clk 0:03:13]} 63. Nf5
{[%clk 0:02:05]} Kh8 {[%clk 0:03:19]} 64. Kf7 {[%clk 0:02:13]} Kh7
{[%clk 0:03:28]} 65. Rh5# {[%clk 0:02:22]} 1-0

[Event "d12"]
[Site "?"]
[Date "2020.08.28"]
[Round "3.5"]
[White "Ziobrowska, Maja"]
[Black "Pniewska, Beata"]
[Result "1/2-1/2"]
[BlackElo "1354"]
[WhiteElo "1248"]
[LiveChessVersion "1.4.8"]

1. e4 c5 2. Nf3 g6 3. c3 Nc6 4. Bd3 Bg7 5. Bc2 d6 6. O-O Nf6 7. d4 cxd4 8. cxd4
O-O 9. Nc3 b6 10. Be3 Bb7 11. Qd2 Nb4 12. Bb3 Rc8 13. Rfe1 Nc6 14. Rac1 Na5 15.
Bh6 Nc4 16. Bxc4 Rxc4 17. Bxg7 Kxg7 18. Qd3 Rc6 19. Ng5 Qd7 20. Qe3 Rfc8 21. Nf3
e6 22. e5 Ne8 23. exd6 Rxd6 24. Ne5 Qd8 25. Red1 Nf6 26. h3 Nd5 27. Nxd5
{[%clk 0:02:48]} Rxd5 {[%clk 0:07:05]} 28. Rxc8 {[%clk 0:02:31]} Qxc8
{[%clk 0:07:06]} 29. Ng4 {[%clk 0:01:56]} Qd8 {[%clk 0:06:32]} 30. Ne5
{[%clk 0:01:00]} Qd6 {[%clk 0:05:57]} 31. Ng4 {[%clk 0:00:41]} Qd8
{[%clk 0:05:44]} 32. Ne5 {[%clk 0:00:42]} Qd6 {[%clk 0:05:29]} 33. Ng4
{[%clk 0:00:41]} Qd8 {[%clk 0:05:33]} 34. Ne5 {[%clk 0:00:47]} Qd6
{[%clk 0:05:41]} 35. Ng4 {[%clk 0:00:46]} Qd8 {[%clk 0:05:50]} 1/2-1/2

[Event "d12"]
[Site "?"]
[Date "2020.08.28"]
[Round "3.6"]
[White "Babinska, Liwia"]
[Black "Oszutowska, Anna"]
[Result "1-0"]
[BlackElo "1386"]
[WhiteElo "1200"]
[LiveChessVersion "1.4.8"]

1. e4 c6 2. Nc3 {[%clk 0:15:21]} d5 {[%clk 0:15:27]} 3. exd5 {[%clk 0:15:28]}
cxd5 {[%clk 0:15:36]} 4. Nf3 {[%clk 0:15:36]} Bg4 {[%clk 0:15:44]} 5. Be2
{[%clk 0:15:45]} Nc6 {[%clk 0:15:51]} 6. d3 {[%clk 0:15:53]} Nf6 {[%clk 0:15:51]}
7. O-O {[%clk 0:16:00]} e6 {[%clk 0:15:37]} 8. Bg5 {[%clk 0:16:05]} Be7
{[%clk 0:15:41]} 9. d4 {[%clk 0:16:05]} h6 {[%clk 5:33:20]} 10. Bxf6
{[%clk 0:16:10]} Bxf6 {[%clk 0:15:47]} 11. Ne5 {[%clk 0:16:08]} Bxe5
{[%clk 0:15:13]} 12. dxe5 {[%clk 0:16:15]} Bxe2 {[%clk 0:15:09]} 13. Qxe2
{[%clk 0:16:22]} Qc7 {[%clk 0:15:15]} 14. f4 {[%clk 0:16:27]} Qb6+
{[%clk 0:15:17]} 15. Kh1 {[%clk 0:16:30]} Qxb2 {[%clk 0:15:21]} 16. Nb5
{[%clk 0:16:35]} Nd4 {[%clk 0:14:26]} 17. Nd6+ {[%clk 0:16:11]} Ke7
{[%clk 0:14:27]} 18. Qd3 {[%clk 0:16:14]} Nc6 {[%clk 0:12:33]} 19. Rfb1
{[%clk 0:15:58]} Qd4 {[%clk 0:12:24]} 20. Rxb7+ {[%clk 0:15:50]} Kf8
{[%clk 0:12:26]} 21. Rxf7+ {[%clk 0:15:56]} Kg8 {[%clk 0:12:35]} 22. Qxd4
{[%clk 0:13:08]} Nxd4 {[%clk 0:12:40]} 23. Rb1 {[%clk 0:13:12]} Rf8
{[%clk 0:12:32]} 24. Rxf8+ {[%clk 0:13:13]} Kxf8 {[%clk 0:12:38]} 25. Rb8+
{[%clk 0:13:21]} Ke7 {[%clk 0:12:46]} 26. Rxh8 {[%clk 0:13:28]} Nxc2
{[%clk 0:12:52]} 27. Re8+ {[%clk 0:13:36]} Kd7 {[%clk 0:12:57]} 28. Ra8
{[%clk 0:13:39]} d4 {[%clk 0:13:00]} 29. Rxa7+ {[%clk 0:13:46]} Kc6
{[%clk 0:13:08]} 30. Rxg7 {[%clk 0:13:40]} d3 {[%clk 0:13:15]} 31. Rg3
{[%clk 0:13:46]} Ne1 {[%clk 0:13:18]} 32. a4 {[%clk 0:13:36]} d2 {[%clk 0:13:20]}
33. Rc3+ {[%clk 0:13:44]} Kb6 {[%clk 0:13:24]} 34. Nc4+ {[%clk 0:13:46]} Ka6
{[%clk 0:13:30]} 35. Nxd2 {[%clk 0:13:54]} Ka5 {[%clk 0:13:39]} 36. Ra3
{[%clk 0:13:50]} Kb4 {[%clk 0:13:47]} 37. Ra1 {[%clk 0:13:54]} Nc2
{[%clk 0:13:54]} 38. Rb1+ {[%clk 0:13:55]} Kxa4 {[%clk 0:14:02]} 39. Kg1 Nd4 40.
Kf2 {[%clk 0:13:57]} h5 {[%clk 0:14:18]} 41. Ke3 {[%clk 0:14:04]} Nc2+
{[%clk 0:14:25]} 42. Kd3 {[%clk 0:14:13]} Nb4+ {[%clk 0:14:32]} 43. Kc4
{[%clk 0:14:20]} Nc6 {[%clk 0:14:38]} 44. Ra1# 1-0

[Event "d12"]
[Site "?"]
[Date "2020.08.28"]
[Round "3.7"]
[White "Salamon, Julia"]
[Black "Mitrega, Wiktoria"]
[Result "1-0"]
[BlackElo "1170"]
[WhiteElo "1324"]
[LiveChessVersion "1.4.8"]

1. d4 {[%clk 0:15:18]} d5 {[%clk 0:15:18]} 2. c4 {[%clk 0:15:26]} c6
{[%clk 0:15:27]} 3. Nf3 {[%clk 0:15:34]} Nf6 {[%clk 0:15:25]} 4. Nc3
{[%clk 0:15:42]} e6 {[%clk 0:14:55]} 5. e3 {[%clk 0:15:51]} Be7 {[%clk 0:14:21]}
6. Bd3 {[%clk 0:15:49]} O-O {[%clk 0:14:25]} 7. O-O {[%clk 0:15:56]} Nbd7
{[%clk 0:13:18]} 8. Qe2 {[%clk 0:14:39]} a6 {[%clk 0:12:39]} 9. Rd1
{[%clk 0:13:09]} b5 {[%clk 0:12:22]} 10. cxb5 {[%clk 0:11:39]} cxb5
{[%clk 0:12:21]} 11. Qc2 {[%clk 0:11:11]} h6 {[%clk 0:12:19]} 12. b3
{[%clk 0:10:51]} Bb7 {[%clk 0:12:25]} 13. Bb2 {[%clk 0:10:39]} Rc8
{[%clk 0:12:33]} 14. Qe2 {[%clk 0:10:39]} Nb6 {[%clk 0:10:16]} 15. Rdc1
{[%clk 0:09:36]} Bd6 {[%clk 0:08:57]} 16. Rc2 {[%clk 0:09:14]} Qe7
{[%clk 0:08:26]} 17. Rac1 {[%clk 0:08:31]} Rc7 {[%clk 0:07:26]} 18. Ne5
{[%clk 0:07:22]} Rfc8 {[%clk 0:05:15]} 19. f3 {[%clk 0:06:23]} Nbd7
{[%clk 0:04:33]} 20. f4 {[%clk 0:05:32]} Nb8 {[%clk 0:01:52]} 21. Qd1
{[%clk 0:04:08]} Nc6 {[%clk 0:01:45]} 22. Nxc6 {[%clk 0:03:44]} Bxc6
{[%clk 0:01:39]} 23. Qe2 {[%clk 0:03:26]} Bb7 {[%clk 0:01:13]} 24. Nb1
{[%clk 0:02:51]} Rxc2 {[%clk 0:00:49]} 25. Rxc2 {[%clk 0:02:59]} Rxc2
{[%clk 0:00:58]} 26. Qxc2 {[%clk 0:03:07]} Qc7 {[%clk 0:01:03]} 27. Qxc7
{[%clk 0:02:39]} Bxc7 {[%clk 0:01:12]} 28. a3 {[%clk 0:02:22]} Nd7 29. b4
{[%clk 0:01:45]} Nb6 {[%clk 0:00:47]} 30. Nc3 {[%clk 0:01:35]} Nc4
{[%clk 0:00:43]} 31. Bc1 {[%clk 0:01:29]} Bc6 {[%clk 0:00:33]} 32. Kf2
{[%clk 0:00:48]} a5 {[%clk 0:00:39]} 33. Bxc4 {[%clk 0:00:51]} dxc4
{[%clk 0:00:34]} 34. e4 {[%clk 0:00:37]} axb4 {[%clk 0:00:26]} 35. axb4
{[%clk 0:00:46]} Bd6 {[%clk 0:00:34]} 36. d5 {[%clk 0:00:25]} exd5
{[%clk 0:00:38]} 37. exd5 {[%clk 0:00:29]} Bd7 {[%clk 0:00:44]} 38. Na2
{[%clk 0:00:34]} Bf5 {[%clk 0:00:42]} 39. Ke3 {[%clk 0:00:19]} f6
{[%clk 0:00:23]} 40. g3 {[%clk 0:00:24]} g5 {[%clk 0:00:30]} 41. Bb2
{[%clk 0:00:18]} Kf7 {[%clk 0:00:31]} 42. Bd4 {[%clk 0:00:18]} Bc7
{[%clk 0:00:11]} 43. Nc3 {[%clk 0:00:23]} Bd3 {[%clk 0:00:16]} 44. Nxb5
{[%clk 0:00:23]} gxf4+ {[%clk 0:00:16]} 45. gxf4 {[%clk 0:00:30]} Bb8
{[%clk 0:00:17]} 46. Nc3 {[%clk 0:00:26]} Ke7 {[%clk 0:00:23]} 47. b5
{[%clk 0:00:35]} f5 {[%clk 0:00:23]} 48. Be5 {[%clk 0:00:34]} Ba7+
{[%clk 0:00:30]} 49. Bd4 {[%clk 0:00:35]} Bb8 {[%clk 0:00:39]} 50. Bc5+
{[%clk 0:00:44]} Kd7 {[%clk 0:00:45]} 51. Bf8 {[%clk 0:00:47]} h5
{[%clk 0:00:41]} 52. Bc5 {[%clk 0:00:55]} Bc7 {[%clk 0:00:08]} 53. Na4
{[%clk 0:00:44]} Kd8 {[%clk 0:00:11]} 54. Nb2 {[%clk 0:00:32]} Be4
{[%clk 0:00:18]} 55. d6 {[%clk 0:00:35]} c3 {[%clk 0:00:12]} 56. dxc7+
{[%clk 0:00:31]} Kxc7 {[%clk 0:00:21]} 57. Na4 {[%clk 0:00:34]} c2
{[%clk 0:00:14]} 58. Kd2 {[%clk 0:00:42]} Kb7 {[%clk 0:00:19]} 59. Nc3
{[%clk 0:00:40]} 1-0

[Event "d12"]
[Site "?"]
[Date "2020.08.28"]
[Round "4.1"]
[White "Sprzeczka, Emilia"]
[Black "Szczotka, Klara"]
[Result "0-1"]
[BlackElo "1553"]
[WhiteElo "1381"]
[LiveChessVersion "1.4.8"]

1. e4 {[%clk 0:15:18]} c5 {[%clk 0:15:20]} 2. Nf3 {[%clk 0:15:25]} e6
{[%clk 0:15:29]} 3. d4 {[%clk 0:15:34]} cxd4 {[%clk 0:15:38]} 4. Nxd4 a6 5. Nc3
{[%clk 0:15:46]} Qc7 {[%clk 0:15:56]} 6. a3 Nf6 {[%clk 0:16:02]} 7. Be3
{[%clk 0:15:54]} b5 {[%clk 0:16:11]} 8. f4 {[%clk 0:15:46]} Bb7 {[%clk 0:16:07]}
9. Bd3 {[%clk 0:15:16]} Be7 {[%clk 0:16:06]} 10. O-O {[%clk 0:14:54]} d6
{[%clk 0:16:11]} 11. Qe1 {[%clk 0:11:51]} Nbd7 {[%clk 0:15:41]} 12. Qg3
{[%clk 0:10:28]} g6 {[%clk 0:15:44]} 13. Nf3 {[%clk 0:09:27]} Nc5
{[%clk 0:15:16]} 14. Nd2 {[%clk 0:07:22]} Rc8 {[%clk 0:15:06]} 15. Rac1
{[%clk 0:07:01]} d5 {[%clk 0:12:16]} 16. e5 {[%clk 0:04:53]} Nfe4
{[%clk 0:12:24]} 17. Ndxe4 {[%clk 0:04:24]} Nxe4 {[%clk 0:12:32]} 18. Bxe4
{[%clk 0:04:09]} dxe4 {[%clk 0:12:41]} 19. Qf2 {[%clk 0:03:42]} Qc4
{[%clk 0:12:34]} 20. g4 {[%clk 0:02:37]} h5 {[%clk 0:08:01]} 21. f5
{[%clk 0:01:48]} gxf5 {[%clk 0:08:04]} 22. gxf5 {[%clk 0:01:54]} b4
{[%clk 0:01:48]} 23. axb4 {[%clk 0:01:04]} Bxb4 {[%clk 0:01:56]} 24. Na4
{[%clk 0:00:29]} Qb5 {[%clk 0:01:25]} 25. Nb6 {[%clk 0:00:26]} Rg8+
{[%clk 0:00:59]} 26. Kh1 {[%clk 0:00:34]} Qxb6 {[%clk 0:00:58]} 27. Bxb6
{[%clk 0:00:25]} e3+ {[%clk 0:01:07]} 28. Qf3 {[%clk 0:00:32]} Bxf3+
{[%clk 0:01:16]} 29. Rxf3 {[%clk 0:00:40]} e2 {[%clk 0:01:21]} 30. Bf2
{[%clk 0:00:32]} Bd2 {[%clk 0:01:30]} 31. Rb1 {[%clk 0:00:27]} Rxc2
{[%clk 0:01:39]} 32. fxe6 {[%clk 0:00:22]} fxe6 {[%clk 0:01:48]} 33. Rd3
{[%clk 0:00:19]} Rg5 {[%clk 0:01:26]} 34. Be3 {[%clk 0:00:15]} Bxe3
{[%clk 0:01:17]} 35. Rxe3 {[%clk 0:00:24]} Rg4 {[%clk 0:01:07]} 36. Re1
{[%clk 0:00:18]} Rxb2 {[%clk 0:01:16]} 37. R3xe2 {[%clk 0:00:25]} Rxe2
{[%clk 0:01:22]} 38. Rxe2 {[%clk 0:00:33]} a5 {[%clk 0:01:31]} 39. Ra2
{[%clk 0:00:29]} a4 {[%clk 0:01:41]} 40. h3 {[%clk 0:00:37]} Re4 {[%clk 0:01:47]}
41. Kg2 {[%clk 0:00:38]} Kd7 {[%clk 0:01:56]} 42. Kf3 {[%clk 0:00:37]} Rb4
{[%clk 0:02:04]} 43. Kg3 {[%clk 0:00:27]} Kc6 {[%clk 0:02:09]} 44. Kf3
{[%clk 0:00:18]} Kc5 {[%clk 0:02:17]} 45. Rc2+ {[%clk 0:00:16]} Kd4
{[%clk 0:02:24]} 46. Re2 {[%clk 0:00:14]} Rb3+ {[%clk 0:02:21]} 47. Kf4
{[%clk 0:00:14]} a3 {[%clk 0:02:29]} 48. Ra2 {[%clk 0:00:21]} Rxh3
{[%clk 0:02:35]} 49. Rd2+ {[%clk 0:00:20]} Kc4 {[%clk 0:02:41]} 50. Rd6
{[%clk 0:00:14]} a2 {[%clk 0:02:46]} 51. Rc6+ {[%clk 0:00:23]} Kb5
{[%clk 0:02:47]} 52. Rc1 {[%clk 0:00:27]} Rb3 {[%clk 0:02:55]} 53. Ra1
{[%clk 0:00:30]} Rb2 {[%clk 0:03:03]} 54. Kg5 {[%clk 0:00:26]} Rf2
{[%clk 0:02:26]} 55. Kxh5 {[%clk 0:00:19]} Kc4 {[%clk 0:02:35]} 56. Kg6
{[%clk 0:00:18]} Kd4 {[%clk 0:02:40]} 57. Kg5 {[%clk 0:00:14]} Kxe5
{[%clk 0:02:49]} 58. Re1+ {[%clk 0:00:21]} Kd4 {[%clk 0:02:57]} 59. Ra1
{[%clk 0:00:29]} e5 {[%clk 0:03:06]} 60. Kg4 {[%clk 0:00:35]} e4 {[%clk 0:03:15]}
61. Kg3 {[%clk 0:00:35]} Rd2 {[%clk 0:03:23]} 62. Rc1 {[%clk 0:00:33]} e3
{[%clk 0:03:30]} 63. Kf3 {[%clk 0:00:39]} Kd3 {[%clk 0:03:29]} 64. Re1
{[%clk 0:00:24]} e2 {[%clk 0:03:34]} 65. Rc1 {[%clk 0:00:15]} Rd1 0-1

[Event "d12"]
[Site "?"]
[Date "2020.08.28"]
[Round "4.2"]
[White "Gaszka, Zuzanna"]
[Black "Natoli, Alessia"]
[Result "0-1"]
[BlackElo "1399"]
[WhiteElo "1270"]
[LiveChessVersion "1.4.8"]

1. e4 {[%clk 0:15:19]} c5 {[%clk 0:15:16]} 2. Nf3 {[%clk 0:15:27]} e6
{[%clk 0:15:24]} 3. d4 {[%clk 0:15:34]} cxd4 {[%clk 0:15:30]} 4. Nxd4
{[%clk 0:15:42]} Nf6 {[%clk 0:15:17]} 5. Nc3 {[%clk 0:15:50]} Bb4
{[%clk 0:14:48]} 6. Bg5 {[%clk 0:15:29]} h6 {[%clk 0:14:11]} 7. Bxf6
{[%clk 0:15:10]} Qxf6 {[%clk 0:14:12]} 8. a3 {[%clk 0:13:44]} Bxc3+
{[%clk 0:13:37]} 9. bxc3 {[%clk 0:13:52]} a6 {[%clk 0:13:45]} 10. Bc4
{[%clk 0:12:48]} Nc6 {[%clk 0:13:32]} 11. O-O {[%clk 0:12:33]} O-O
{[%clk 0:13:36]} 12. f4 {[%clk 0:12:20]} b5 {[%clk 0:12:47]} 13. Be2
{[%clk 0:12:18]} Bb7 {[%clk 0:12:52]} 14. Nxc6 {[%clk 0:11:24]} dxc6
{[%clk 0:12:45]} 15. e5 {[%clk 0:09:58]} Qd8 {[%clk 0:12:33]} 16. Qe1
{[%clk 0:09:27]} Qb6+ {[%clk 0:12:36]} 17. Kh1 {[%clk 0:09:23]} Rfd8
{[%clk 0:11:19]} 18. Bd3 {[%clk 0:09:02]} c5 {[%clk 0:11:08]} 19. Be4
{[%clk 0:08:22]} Bd5 {[%clk 0:10:42]} 20. Rd1 {[%clk 0:06:33]} Qc6
{[%clk 0:10:46]} 21. Bxd5 {[%clk 0:05:28]} Rxd5 {[%clk 0:10:53]} 22. Rxd5
{[%clk 0:04:56]} Qxd5 {[%clk 0:11:00]} 23. Qe3 {[%clk 0:04:48]} Rd8
{[%clk 0:10:50]} 24. h3 {[%clk 0:04:22]} Kf8 {[%clk 0:10:06]} 25. Kh2
{[%clk 0:03:53]} Ke7 {[%clk 0:10:12]} 26. Qg3 {[%clk 0:03:49]} Kf8
{[%clk 0:09:30]} 27. Rf3 {[%clk 0:03:06]} Qa2 {[%clk 0:07:48]} 28. Rd3
{[%clk 0:02:34]} Rd5 {[%clk 0:06:57]} 29. Rxd5 {[%clk 0:02:32]} Qxd5
{[%clk 0:06:58]} 30. Qe3 {[%clk 0:01:51]} Ke8 {[%clk 0:06:34]} 31. g4
{[%clk 0:00:51]} g6 {[%clk 0:05:23]} 32. h4 {[%clk 0:00:50]} Ke7 {[%clk 0:04:45]}
33. h5 {[%clk 0:00:33]} gxh5 {[%clk 0:03:48]} 34. gxh5 {[%clk 0:00:41]} Kf8
{[%clk 0:03:50]} 35. Kg3 {[%clk 0:00:38]} Kg7 {[%clk 0:03:37]} 36. Kf2
{[%clk 0:00:34]} Kh7 {[%clk 0:03:36]} 37. Qd3+ {[%clk 0:00:28]} Qxd3
{[%clk 0:03:28]} 38. cxd3 {[%clk 0:00:37]} Kg7 {[%clk 0:03:37]} 39. Ke3
{[%clk 0:00:45]} f6 {[%clk 0:03:34]} 40. d4 {[%clk 0:00:23]} c4 {[%clk 0:03:21]}
41. Kd2 {[%clk 0:00:24]} Kf7 {[%clk 0:02:58]} 42. Ke3 {[%clk 0:00:32]} f5
{[%clk 0:02:57]} 43. Kd2 {[%clk 0:00:26]} Ke7 {[%clk 0:03:05]} 44. Kc2
{[%clk 0:00:28]} Kd7 {[%clk 0:03:13]} 45. Kb2 {[%clk 0:00:34]} Kc6
{[%clk 0:02:53]} 46. Ka2 {[%clk 0:00:24]} Kd5 {[%clk 0:02:31]} 47. a4
{[%clk 0:00:33]} Ke4 {[%clk 0:02:38]} 48. axb5 {[%clk 0:00:33]} axb5
{[%clk 0:02:47]} 49. Ka3 {[%clk 0:00:42]} Kxf4 {[%clk 0:02:55]} 50. Kb4
{[%clk 0:00:51]} Ke4 {[%clk 0:03:02]} 51. Kxb5 {[%clk 0:00:59]} f4
{[%clk 0:03:09]} 52. Kxc4 {[%clk 0:01:08]} f3 {[%clk 0:03:18]} 53. Kb5
{[%clk 0:01:16]} f2 {[%clk 0:03:25]} 54. c4 {[%clk 0:01:25]} f1=Q
{[%clk 0:03:32]} 55. Kb4 {[%clk 0:01:32]} Kxd4 0-1

[Event "d12"]
[Site "?"]
[Date "2020.08.28"]
[Round "4.3"]
[White "Pniewska, Beata"]
[Black "Babinska, Liwia"]
[Result "1-0"]
[BlackElo "1200"]
[WhiteElo "1354"]
[LiveChessVersion "1.4.8"]

1. e4 {[%clk 0:15:17]} e5 {[%clk 0:15:19]} 2. Nf3 {[%clk 0:15:25]} Nc6
{[%clk 0:15:27]} 3. Bc4 {[%clk 0:15:32]} d6 {[%clk 0:15:34]} 4. d4
{[%clk 0:15:33]} exd4 {[%clk 0:15:27]} 5. Nxd4 {[%clk 0:15:39]} Nxd4
{[%clk 0:15:25]} 6. Qxd4 {[%clk 0:15:29]} Be6 {[%clk 0:15:31]} 7. Bd3
{[%clk 0:14:49]} Nf6 {[%clk 0:15:36]} 8. O-O {[%clk 0:14:40]} Be7
{[%clk 0:15:37]} 9. Nc3 {[%clk 0:14:09]} O-O {[%clk 0:15:41]} 10. Bf4
{[%clk 0:14:05]} c5 {[%clk 0:15:43]} 11. Qe3 {[%clk 0:13:28]} d5 {[%clk 0:15:34]}
12. exd5 {[%clk 0:13:13]} Bxd5 {[%clk 0:15:39]} 13. Bg5 {[%clk 0:11:46]} c4
{[%clk 0:14:34]} 14. Bf5 {[%clk 0:11:01]} h6 {[%clk 0:14:03]} 15. Bh4
{[%clk 0:10:04]} Re8 {[%clk 0:13:15]} 16. Rad1 {[%clk 0:09:27]} Bb4
{[%clk 0:12:56]} 17. Bxf6 {[%clk 0:08:27]} Qxf6 {[%clk 0:12:46]} 18. Nxd5
{[%clk 0:08:04]} Qxf5 {[%clk 0:12:31]} 19. Qg3 {[%clk 0:07:45]} Ba5
{[%clk 0:12:08]} 20. b4 {[%clk 0:07:28]} Rad8 {[%clk 0:11:45]} 21. Ne3
{[%clk 0:07:07]} Qe5 {[%clk 0:10:10]} 22. Qxe5 {[%clk 0:07:13]} Rxe5
{[%clk 0:10:16]} 23. bxa5 {[%clk 0:07:21]} Rxd1 {[%clk 0:10:20]} 24. Rxd1
{[%clk 0:07:23]} Rxa5 {[%clk 0:10:27]} 25. Nxc4 {[%clk 0:07:13]} Rxa2
{[%clk 0:10:34]} 26. Ne3 {[%clk 0:07:17]} b6 {[%clk 0:10:39]} 27. h3
{[%clk 0:07:22]} b5 {[%clk 0:10:48]} 28. Rd7 {[%clk 0:07:15]} a5 {[%clk 0:10:53]}
29. Rb7 {[%clk 0:06:38]} b4 {[%clk 0:10:59]} 30. Kh2 {[%clk 0:06:28]} f6
{[%clk 0:10:56]} 31. Rc7 {[%clk 0:06:24]} a4 {[%clk 0:10:59]} 32. Nf5
{[%clk 0:06:26]} g6 {[%clk 0:10:58]} 33. Nxh6+ {[%clk 0:06:26]} Kf8
{[%clk 0:10:59]} 34. Ng4 {[%clk 0:06:24]} b3 {[%clk 0:11:04]} 35. cxb3
{[%clk 0:06:24]} axb3 {[%clk 0:11:12]} 36. Rb7 {[%clk 0:06:21]} b2
{[%clk 0:11:19]} 37. Nxf6 {[%clk 0:06:22]} g5 {[%clk 0:11:24]} 38. Ne4
{[%clk 0:06:29]} Ke8 {[%clk 0:11:28]} 39. Nc3 {[%clk 0:06:27]} Ra3
{[%clk 0:11:10]} 40. Nb1 {[%clk 0:06:35]} Ra2 {[%clk 0:11:06]} 41. Nd2
{[%clk 0:06:29]} Kd8 {[%clk 0:11:13]} 42. Nc4 {[%clk 0:06:35]} b1=Q
{[%clk 0:11:07]} 43. Rxb1 {[%clk 0:06:43]} Rxf2 {[%clk 0:11:14]} 44. Rb2
{[%clk 0:06:41]} Rf4 {[%clk 0:11:19]} 45. Ne3 {[%clk 0:06:48]} Re4
{[%clk 0:11:27]} 46. Ng4 {[%clk 0:06:55]} Ke7 {[%clk 0:11:35]} 47. Rb5
{[%clk 0:06:56]} Ke6 {[%clk 0:11:31]} 48. Rxg5 {[%clk 0:07:00]} Kd6
{[%clk 0:11:36]} 49. Re5 {[%clk 0:06:49]} Rxe5 {[%clk 0:11:42]} 50. Nxe5
{[%clk 0:06:56]} Kxe5 {[%clk 0:11:51]} 51. Kg3 {[%clk 0:07:04]} Kf5
{[%clk 0:11:59]} 52. Kh4 {[%clk 0:07:06]} Kg6 {[%clk 0:12:08]} 53. Kg4
{[%clk 0:07:10]} Kh6 {[%clk 0:12:16]} 54. Kf5 {[%clk 0:07:18]} Kg7
{[%clk 0:12:25]} 55. Kg5 {[%clk 0:07:26]} Kh7 {[%clk 0:12:33]} 56. Kf6
{[%clk 0:07:34]} Kh6 {[%clk 0:12:42]} 57. g4 {[%clk 0:07:33]} Kh7
{[%clk 0:12:50]} 58. Kg5 {[%clk 0:07:37]} Kg7 {[%clk 0:12:59]} 59. h4
{[%clk 0:07:41]} Kg8 {[%clk 0:13:04]} 60. Kg6 {[%clk 0:07:49]} Kh8
{[%clk 0:13:12]} 61. Kh6 {[%clk 0:07:28]} Kg8 {[%clk 0:13:18]} 62. g5
{[%clk 0:07:33]} Kh8 {[%clk 0:13:25]} 63. g6 {[%clk 0:07:39]} Kg8
{[%clk 0:13:25]} 64. g7 {[%clk 0:07:47]} Kf7 {[%clk 0:13:34]} 65. Kh7
{[%clk 0:07:54]} Kf6 {[%clk 0:13:42]} 66. g8=Q {[%clk 0:08:01]} Kf5
{[%clk 0:13:50]} 67. Qe8 {[%clk 0:08:06]} Kg4 {[%clk 0:13:57]} 68. Qf7
{[%clk 0:08:09]} Kxh4 {[%clk 0:14:04]} 69. Qg6 {[%clk 0:08:12]} Kh3
{[%clk 0:14:13]} 70. Kh6 {[%clk 0:08:19]} Kh4 {[%clk 0:14:20]} 71. Qe4+
{[%clk 0:08:26]} Kh3 {[%clk 0:14:27]} 72. Kh5 {[%clk 0:08:32]} Kg3
{[%clk 0:14:35]} 73. Qe3+ {[%clk 0:08:36]} Kg2 {[%clk 0:14:43]} 74. Kh4
{[%clk 0:08:38]} Kg1 {[%clk 0:14:56]} 75. Qd2 {[%clk 0:08:46]} Kf1
{[%clk 0:15:03]} 76. Kg3 {[%clk 0:08:51]} 1-0